000 00317nam a22001337a 4500
008 170526b xxu||||| |||| 00| 0 eng d
020 _a15325008(2012)40(13-16)
041 _aeng
080 _a621.3
100 _a27
101 _aIM
245 _aELECTRIC POWER COMPONENTS AND SYSTEMS
_cBOLDEA, I
942 _2udc
_cBK
999 _c14480
_d14480